00743nam a2200181 a 450000100100000000500170001000800410002704000250006824500460009326000770013930000200021649000680023671000510030483000750035504900090043095201050043999900170054400002768620240307073947.0110404s1947 dr 000 0 spa d aDO-SdBNPbspacBNPHU00aInaguración de la Ciudad Universitaria. aCiudad Trujillo, República Dominicana :bEditorial Pol Hermano,c1947. a49 p. ;c24 cm.1 aPublicaciones de la Universidad Autónoma de Santo Domingov521 aUniversidad Autónoma de Santo Domingo972951 0aPublicaciones de la Universidad Autónoma de Santo Domingon52954765 aBNPD 0010718PDaPDbPDcCTd2011-04-04iLF1l0o p27686-10r2020-06-25w2020-06-25yLFPDZNo se presta c27178d27178